书目信息 |
| 题名: |
道德情操论
|
|
| 作者: | 斯密 著 ;李嘉俊 译 | |
| 分册: | ||
| 出版信息: | 北京 台海出版社 2016.07 |
|
| 页数: | 391页 | |
| 开本: | 22cm | |
| 丛书名: | ||
| 单 册: | ||
| 中图分类: | B82-095.61 | |
| 科图分类: | ||
| 主题词: | 伦理学--lun li xue--思想史--英国 | |
| 电子资源: | ||
| ISBN: | 978-7-5168-1058-3 | |
| 000 | 01081nam0 2200277 450 | |
| 001 | 0109110126 | |
| 005 | 20201109110336.0 | |
| 010 | @a978-7-5168-1058-3@b精装@dCNY38.00 | |
| 100 | @a20181129d2016 em y0chiy50 ea | |
| 101 | @achi@ceng | |
| 102 | @aCN@b110000 | |
| 105 | @aa z 000yy | |
| 106 | @ar | |
| 106 | @ar | |
| 200 | 1 | @a道德情操论@Adao de qing cao lun@dThe theory of moral sentiments@zeng@f(英)亚当·斯密著@g李嘉俊译 |
| 210 | @a北京@c台海出版社@d2016.07 | |
| 215 | @a391页@d22cm | |
| 300 | @a西方百年学术经典 | |
| 330 | @a斯密从人类的情感和同情心出发,讨论了善恶、美丑、正义、责任等一系列概念,进而揭示出人类社会赖以维系、和谐发展的秘密。《道德情操论》对于促进人类福利这一更大的社会目的起到了更为基本的作用,是市场经济良性运行不可或缺的“圣经”,堪称西方世界的《论语》。 | |
| 510 | 1 | @aTheory of moral sentiments@zeng |
| 606 | 0 | @a伦理学@Alun li xue@x思想史@y英国 |
| 690 | @aB82-095.61@v5 | |
| 701 | 0 | @c(英)@a斯密@Asi mi@c(Adam Smith)@4著 |
| 702 | 0 | @a李嘉俊@Ali jia jun@4译 |
| 801 | 0 | @aCN@bBJSZM@c20201103 |
| 905 | @b1267585-7@dB82-095.61@e1735@f3 | |
| 道德情操论=The theory of moral sentiments/(英)亚当·斯密著/李嘉俊译.-北京:台海出版社,2016.07 |
| 391页;22cm |
| 西方百年学术经典 |
| ISBN 978-7-5168-1058-3(精装):CNY38.00 |
| 斯密从人类的情感和同情心出发,讨论了善恶、美丑、正义、责任等一系列概念,进而揭示出人类社会赖以维系、和谐发展的秘密。《道德情操论》对于促进人类福利这一更大的社会目的起到了更为基本的作用,是市场经济良性运行不可或缺的“圣经”,堪称西方世界的《论语》。 |
| ● |
| 相关链接 |
|
|
|
|
正题名:道德情操论
索取号:B82-095.61/1735
 
预约/预借
| 序号 | 登录号 | 条形码 | 馆藏地/架位号 | 状态 | 备注 |
| 1 | 1267585 | 212675853 | 第一样本阅览室/ [索取号:B82-095.61/1735] | 在馆 | |
| 2 | 1267586 | 212675862 | 第一借阅区/ [索取号:B82-095.61/1735] | 在馆 | |
| 3 | 1267587 | 212675871 | 第一借阅区/ [索取号:B82-095.61/1735] | 在馆 |